000
00444 a2200133 4500
000
nam a22 7a 4500
100
_a
हरिकेश
110
_a
हरिकेश
245
_a
अज्ञेय के साहित्य में प्रयोग धर्मिता
250
_a
Latest edition
260
_b
आर पब्लिकेशन
_c
2024
264
_b
आर पब्लिकेशन
_c
2024
942
_c
BK
999
_c
396683
_d
396683